000 00308nam a2200121Ia 4500
008 190722s9999 xx 000 0 und d
020 _a978-0-19-597835-3
100 _aJohn Eastwood
245 0 _aOxford Practice Grammer
260 _aNew York
_bOxford University Press
_c2004
300 _axiii,432
942 _cBK
999 _c620
_d620